Family Feud #3 - Statistics

General Stats
  • This quiz has been taken 64 times
  • The average score is 4 of 6
Answer Stats
Hint Answer % Correct
2 Football
100%
4 Basketball
97%
3 Baseball
86%
6 Hockey
83%
1 Tennis
66%
1 Softball
16%
No matching quizzes found
Score Distribution
Percent of People with Each Score
Percentile by Number Answered
Your Score History
You have not taken this quiz